Concepts of programming languages / (Record no. 17561)
[ view plain ]
| 000 -LEADER | |
|---|---|
| fixed length control field | 01138cam a22003015a 4500 |
| 001 - CONTROL NUMBER | |
| control field | 016088398 |
| 003 - CONTROL NUMBER IDENTIFIER | |
| control field | Uk |
| 005 - DATE AND TIME OF LATEST TRANSACTION | |
| control field | 20150813113606.0 |
| 008 - FIXED-LENGTH DATA ELEMENTS--GENERAL INFORMATION | |
| fixed length control field | 120517s2013 maua frb 001 0 eng |
| 015 ## - NATIONAL BIBLIOGRAPHY NUMBER | |
| National bibliography number | GBB312394 |
| Source | bnb |
| 020 ## - INTERNATIONAL STANDARD BOOK NUMBER | |
| International Standard Book Number | 0273769103 (paperback) |
| 020 ## - INTERNATIONAL STANDARD BOOK NUMBER | |
| International Standard Book Number | 9780273769101 |
| 082 04 - DEWEY DECIMAL CLASSIFICATION NUMBER | |
| Classification number | 005.13 |
| Item number | SEB |
| Edition number | 22 |
| 100 1# - MAIN ENTRY--PERSONAL NAME | |
| Personal name | Sebesta, Robert W., |
| Relator term | author. |
| 9 (RLIN) | 5612 |
| 245 10 - TITLE STATEMENT | |
| Title | Concepts of programming languages / |
| Statement of responsibility, etc | Robert W. Sebesta. |
| 250 ## - EDITION STATEMENT | |
| Edition statement | Tenth edition, International edition / |
| Remainder of edition statement | International edition contributions by Soumen Mukherjee, RCC Institute of Information Technology, Arup Kumar Bhattacharjee, RCC Institute of Information Technology. |
| 260 ## - PUBLICATION, DISTRIBUTION, ETC. (IMPRINT) | |
| Place of publication, distribution, etc | Boston : |
| Name of publisher, distributor, etc | Addison-Wesley, |
| Date of publication, distribution, etc | c.2013. |
| 300 ## - PHYSICAL DESCRIPTION | |
| Extent | 815 pages : |
| Other physical details | ill. |
| Dimensions | 23 cm |
| 500 ## - GENERAL NOTE | |
| General note | Index : p. 793-815. |
| 504 ## - BIBLIOGRAPHY, ETC. NOTE | |
| Bibliography, etc | Includes bibliographical references. |
| 590 ## - LOCAL NOTE (RLIN) | |
| Local note | doaa mohamed |
| 650 #0 - SUBJECT ADDED ENTRY--TOPICAL TERM | |
| Topical term or geographic name as entry element | Programming languages (Electronic computers) |
| 9 (RLIN) | 33773 |
| Source of heading or term | BUEsh |
| 651 ## - SUBJECT ADDED ENTRY--GEOGRAPHIC NAME | |
| Source of heading or term | BUEsh |
| 653 ## - INDEX TERM--UNCONTROLLED | |
| Resource For college | Informatics and Computer Science |
| Arrived date list | September2013 |
| 700 1# - ADDED ENTRY--PERSONAL NAME | |
| Personal name | Mukherjee, Soumen, |
| Relator term | contributor. |
| 9 (RLIN) | 32792 |
| 700 1# - ADDED ENTRY--PERSONAL NAME | |
| Personal name | Bhattacharjee, Arup Kumar, |
| Relator term | contributor. |
| 9 (RLIN) | 32793 |
| 942 ## - ADDED ENTRY ELEMENTS (KOHA) | |
| Source of classification or shelving scheme | Dewey Decimal Classification |
| Item type | Book - Borrowing |
| Withdrawn status | Item status | Source of classification or shelving scheme | Damaged status | Not for loan | Vendor | Home library | Current library | Shelving location | Date acquired | Source of acquisition | Total Checkouts | Full call number | Barcode | Date last seen | Koha item type | Total Renewals | Date last borrowed |
|---|---|---|---|---|---|---|---|---|---|---|---|---|---|---|---|---|---|
| Dewey Decimal Classification | Baccah | Central Library | Central Library | Lower Floor | 29/09/2013 | 005.13 SEB | 000029027 | 15/07/2025 | NB - Book (Non borrowing) | ||||||||
| Dewey Decimal Classification | Baccah | Central Library | Central Library | Lower Floor | 29/09/2013 | 3 | 005.13 SEB | 000029028 | 15/07/2025 | Book - Borrowing | 14 | 14/05/2017 | |||||
| Dewey Decimal Classification | Baccah | Central Library | Central Library | Lower Floor | 29/09/2013 | 5 | 005.13 SEB | 000029029 | 15/07/2025 | Book - Borrowing | 24 | 22/02/2018 | |||||
| Dewey Decimal Classification | Baccah | Central Library | Central Library | Lower Floor | 29/09/2013 | 2 | 005.13 SEB | 000029030 | 15/07/2025 | Book - Borrowing | 51 | 20/02/2017 | |||||
| Dewey Decimal Classification | Baccah | Central Library | Central Library | Lower Floor | 29/09/2013 | 4 | 005.13 SEB | 000029031 | 15/07/2025 | Book - Borrowing | 39 | 09/02/2017 |